LIBRARY & INFORMATION CENTRE, KCAET, TAVANUR

ONLINE PUBLIC ACCESS CATALOGUE (OPAC)

Farmers of India, Vol 3 / (Record no. 367)

MARC details
000 -LEADER
fixed length control field 00513cam a2200193ua 4500
003 - CONTROL NUMBER IDENTIFIER
control field OSt
008 - FIXED-LENGTH DATA ELEMENTS--GENERAL INFORMATION
fixed length control field 260124b |||||||| |||| 00| 0 eng d
041 ## - LANGUAGE CODE
Language code of text/sound track or separate title eng
082 ## - DEWEY DECIMAL CLASSIFICATION NUMBER
Classification number 630.92
Item number RAN/FA
100 ## - MAIN ENTRY--AUTHOR NAME
Personal name Randhawa, M S.
245 ## - TITLE STATEMENT
Title Farmers of India, Vol 3 /
260 ## - PUBLICATION, DISTRIBUTION, ETC. (IMPRINT)
Place of publication New Delhi :
Name of publisher Indian Council for Agricultural Research ,
Year of publication 1964.
300 ## - PHYSICAL DESCRIPTION
Number of Pages 450 ; .
700 1# - ADDED ENTRY--PERSONAL NAME
Personal name Asok, Mitra.
700 1# - ADDED ENTRY--PERSONAL NAME
Personal name Gisela, Metha.
700 1# - ADDED ENTRY--PERSONAL NAME
Personal name Randhawa, M S.
942 ## - ADDED ENTRY ELEMENTS (KOHA)
Koha item type Books
Holdings
Withdrawn status Lost status Damaged status Home library Current library Date acquired Cost, normal purchase price Full call number Accession Number Koha item type
      KAUAET KAUAET 07/04/2012 23.00 630.92 RAN/FA 7331 Books
free website counter